Online
Catalog

El teatro de Jean Genet : (Record no. 4403)

MARC details
000 -CABECERA
campo de control de longitud fija 00818cam a2200229 a 4500
001 - NÚMERO DE CONTROL
campo de control 000004595
005 - FECHA Y HORA DE LA ÚLTIMA TRANSACCIÓN
campo de control 20200929151452.0
008 - DATOS DE LONGITUD FIJA--INFORMACIÓN GENERAL
campo de control de longitud fija 770516s1968 ve 001 0bspa
040 ## - FUENTE DE LA CATALOGACIÓN
Centro catalogador/agencia de origen DO-SdBNP
Lengua de catalogación spa
Centro/agencia transcriptor BNPHU
041 17 - CÓDIGO DE LENGUA
Código de lengua del texto/banda sonora o título independiente spa
Código de lengua del sumario o resumen fre
082 ## - NÚMERO DE LA CLASIFICACIÓN DECIMAL DEWEY
Número de clasificación 840.4
Número de documento/Ítem G619t
100 1# - ENTRADA PRINCIPAL--NOMBRE DE PERSONA
Nombre de persona Goldmann, Lucien.
9 (RLIN) 13403
245 13 - MENCIÓN DE TÍTULO
Título El teatro de Jean Genet :
Resto del título ensayo de estudio sociológico /
Mención de responsabilidad, etc. Lucien Goldmann ; traductor, Guillermo Sucre.
260 ## - PUBLICACIÓN, DISTRIBUCIÓN, ETC.
Lugar de publicación, distribución, etc. Caracas :
Nombre del editor, distribuidor, etc. Monte Avila,
Fecha de publicación, distribución, etc. 1968.
300 ## - DESCRIPCIÓN FÍSICA
Extensión 83 p. ;
Dimensiones 19 cm.
440 #0 - MENCIÓN DE SERIE/PUNTO DE ACCESO ADICIONAL--TÍTULO
Título Estudios
9 (RLIN) 3854
534 ## - NOTA SOBRE LA VERSIÓN ORIGINAL
Encabezamiento principal del original Título original: Le théatre de Jean Genet.
600 14 - PUNTO DE ACCESO ADICIONAL DE MATERIA--NOMBRE DE PERSONA
Nombre de persona GENET, JEAN
Fechas asociadas al nombre 1910-1986
Subdivisión general OBRAS DRAMÁTICAS
9 (RLIN) 13404
650 #4 - PUNTO DE ACCESO ADICIONAL DE MATERIA--TÉRMINO DE MATERIA
Término de materia o nombre geográfico como elemento de entrada Genet, jean
Fechas vigentes 1910-1986
Subdivisión general Crítica e interpretación
9 (RLIN) 13405
650 #4 - PUNTO DE ACCESO ADICIONAL DE MATERIA--TÉRMINO DE MATERIA
Término de materia o nombre geográfico como elemento de entrada Crítica literaria
Subdivisión geográfica Francia
9 (RLIN) 13406
700 1# - PUNTO DE ACCESO ADICIONAL--NOMBRE DE PERSONA
Nombre de persona Sucre, Guillermo,
Término indicativo de función/relación tr.
9 (RLIN) 6249
Holdings
Estado de retiro Estado de pérdida Restricciones de uso No para préstamo Código de colección Localización permanente Ubicación/localización actual Ubicación en estantería Fecha de adquisición Número de inventario Total de préstamos Signatura topográfica completa Código de barras Fecha visto por última vez Precio válido a partir de Tipo de ítem Koha
    Préstamo interno   Monografías: Libros y Folletos General General En catalogación 23.07.2009 LF1   840.4 G619t 4595-10 25.06.2020 25.06.2020 Préstamo interno

Powered by Koha